000
00234nam a22000857a 4500
008
160926b xxu||||| |||| 00| 0 eng d
100
_9
768
_a
Kumar.S.etal.
245
_a
English Communicative-VI
260
_a
New Delhi
_b
Frank Publications
_c
2012
999
_c
3424
_d
3424